000 00909nam a2200229Ii 4500
003 JO-AjNU
008 230605s9999||||xx |||||||||||||| ||und||
017 _a2002/6/1575
020 _a9957-24-045-5
040 _aJO-AjNU
_bara
_erda
_cJO-AjNU
041 _aara
050 1 4 _aHF5548.2 .T37 2002
100 3 _aالزعبي، هيثم ، م.مشارك: حسن ابو الزيت، منير حمام، علي ابو زيد,
_eauthor
_956653
245 0 0 _aتطبيقات ألفا في الإدارة : تخصصات، الإدارة، التسويق، إدارة المستودعات
250 _aط1
264 3 1 _aعمان: دار صفاء للنشر والتوزيع، 2002
300 _a268ص
336 _atext
_btxt
_2rdacontent
337 _aunmediated
_bn
_2rdamedia
338 _avolume
_bnc
_2rdacarrier
650 4 _a إدارة الأعمال - التسويق - معالجة بيانات
_956654
999 _aA25341
_c28909
_d28909